00439 a2200145 4500020000700000020000700007050002000014100002800034245012500062264003700187300000900224500002000233650001700253650002300270 aNA aNA00aKF 9201 MIL1972 aMilton J . R. Leauthor00aSouth African criminal law and procedure (formerly Gardiner and Lansdown).bVol. 3 statutory offencescby J. R. L Milton aCape Town :bJuta and co,c1971. a1201 aincludes index. 0aCriminal law 0aCriminal procedure